Statistics for Country Flag-Shape Picture Quiz #1

Click here to take the quiz!

General Stats

  • This quiz has been taken 13,528 times
    (13,463 since last reset)
  • The average score is 14 of 16

Answer Stats

Answer % Correct
India
99%
Brazil
99%
Italy
99%
Greece
98%
New Zealand
97%
Russia
97%
Mexico
97%
Egypt
94%
Iran
94%
Saudi Arabia
93%
Croatia
91%
Panama
85%
Uruguay
84%
Liberia
65%
Mauritania
62%
Brunei
59%

Score Distribution

Percentile by Number Answered

Percent of People with Each Score

Your Score History

You have not taken this quiz since the last reset